000 00945cam a2200301 a 4500
001 16462
003 UkOxU
005 20211209000019.0
008 140213s2004 enka bd 001 0 eng d
020 _a1403921350
035 _a13436610
_a(BD-RjUL)16517
035 _a(OCoLC)53950714
040 _aDLC
_cDLC
_beng
_dBD-RjUL
041 _aeng
082 0 0 _a658.401203
_222
_bSUK 2004
100 1 _aSutherland, Jonathan.
_950900
245 1 0 _aKey concepts in strategic management /
_cJonathan Sutherland and Diane Canwell.
246 3 0 _aStrategic management
260 _aBasingstoke :
_bPalgrave Macmillan,
_c2004.
300 _aix, 294 p. :
_bill. ;
_c22 cm.
504 _aIncludes bibliographical references and index.
650 0 _aStrategic planning
_vDictionaries.
_950901
700 1 _aCanwell, Diane.
_950902
830 0 _aPalgrave key concepts
_950903
942 _2ddc
_cBK
999 _c16462
_d16462